Color in three-dimensional design / (Record no. 352385)

000 -LEADER
fixed length control field 01585 a2200289 4500
003 - CONTROL NUMBER IDENTIFIER
control field OSt
005 - DATE AND TIME OF LATEST TRANSACTION
control field 20180116192333.0
008 - FIXED-LENGTH DATA ELEMENTS--GENERAL INFORMATION
fixed length control field 120229t xxu||||| |||| 00| 0 eng d
010 ## - LIBRARY OF CONGRESS CONTROL NUMBER
LC control number 2003052786
020 ## - INTERNATIONAL STANDARD BOOK NUMBER
International Standard Book Number 0071411704 (alk. paper)
040 ## - CATALOGING SOURCE
Transcribing agency 0
082 00 - DEWEY DECIMAL CLASSIFICATION NUMBER
Classification number 701.85
100 1# - MAIN ENTRY--PERSONAL NAME
Personal name Kopacz, Jeanne.
9 (RLIN) 438
245 10 - TITLE STATEMENT
Title Color in three-dimensional design /
Statement of responsibility, etc. Jeanne Kopacz.
260 ## - PUBLICATION, DISTRIBUTION, ETC.
Place of publication, distribution, etc. New York :
Name of publisher, distributor, etc. McGraw-Hill,
Date of publication, distribution, etc. c2004.
300 ## - PHYSICAL DESCRIPTION
Extent xii, 302 p. :
Other physical details col. ill. ;
Dimensions 24 cm.
500 ## - GENERAL NOTE
General note Includes index
505 ## - FORMATTED CONTENTS NOTE
Formatted contents note PART I: THE BASICS OF COLOR THEORY 1: Basic Color Elements 2: The Mechanics of Color 3: Using Color Models 4: Contrasts of Color 5: Color Harmony PART II: THREE-DIMENSIONAL PERCEPTION 6: Concepts of Dimensional Color 7: How Color Impacts Form 8: Color Influence 9: Color and Identity. PART III: COLOR IN DESIGN PRACTICE 10: Design Development Process 11: Color and Light 12: Texture and Material 13: Communicating Color Concepts. PART IV: SPATIAL APPLICATIONS 15: Residential Applications 16: Public Space Applications 17: Commercial Applications
650 #0 - SUBJECT ADDED ENTRY--TOPICAL TERM
Topical term or geographic name entry element Color in design.
9 (RLIN) 439
650 #0 - SUBJECT ADDED ENTRY--TOPICAL TERM
Topical term or geographic name entry element Color vision.
9 (RLIN) 440
650 #0 - SUBJECT ADDED ENTRY--TOPICAL TERM
Topical term or geographic name entry element Space perception.
9 (RLIN) 441
856 42 - ELECTRONIC LOCATION AND ACCESS
Materials specified Publisher description
Uniform Resource Identifier <a href="http://www.loc.gov/catdir/description/mh051/2003052786.html">http://www.loc.gov/catdir/description/mh051/2003052786.html</a>
856 42 - ELECTRONIC LOCATION AND ACCESS
Materials specified Contributor biographical information
Uniform Resource Identifier <a href="http://www.loc.gov/catdir/bios/mh042/2003052786.html">http://www.loc.gov/catdir/bios/mh042/2003052786.html</a>
856 42 - ELECTRONIC LOCATION AND ACCESS
Materials specified Table of contents
Uniform Resource Identifier <a href="http://www.loc.gov/catdir/toc/mh031/2003052786.html">http://www.loc.gov/catdir/toc/mh031/2003052786.html</a>
942 ## - ADDED ENTRY ELEMENTS (KOHA)
Institution code [OBSOLETE] SADA
Koha item type Book
Call number prefix 701.85 KOP 2004
Source of classification or shelving scheme
Holdings
Withdrawn status Lost status Source of classification or shelving scheme Damaged status Not for loan Permanent Location Current Location Date acquired Total Checkouts Total Renewals Full call number Barcode Date last seen Date last checked out Cost, replacement price Price effective from Koha item type
          School of Art Design and Architecture (SADA) School of Art Design and Architecture (SADA) 09/29/2010 1 1 701.85 KOP 2004 SADA0000223 01/09/2014 12/12/2013 14098.00 08/05/2011 Book
© 2023 Central Library, National University of Sciences and Technology. All Rights Reserved.